书目信息 |
| 题名: |
δ函数和卷积及在电工中的应用
|
|
| 作者: | 戴旦前 , 陈崇源 编 | |
| 分册: | ||
| 出版信息: | 北京 高等教育出版社 1986 |
|
| 页数: | 150页 | |
| 开本: | 19cm | |
| 丛书名: | ||
| 单 册: | ||
| 中图分类: | TM11 , TM13 | |
| 科图分类: | ||
| 主题词: | δ函数--应用-电工学 , 电工学-δ函数--应用 , 卷积--应用-电工学 , 电路理论 | |
| 电子资源: | ||
| ISBN: | ||
| 000 | 00846nam0 2200301 45 | |
| 001 | 0186013745 | |
| 005 | 20040701165555.9 | |
| 010 | @dCNY1.05 | |
| 091 | @a15050.0706 | |
| 100 | @a19901014d1986 em y0chiy0121 ea | |
| 101 | 0 | @achi |
| 102 | @aCN@b110000 | |
| 105 | @ay z 000yy | |
| 106 | @ar | |
| 200 | 10 | @aδ函数和卷积及在电工中的应用@Aδ han shu he juan ji ji zai dian gong zhong de ying yong@f戴旦前, 陈崇源编 |
| 210 | @a北京@c高等教育出版社@d1986 | |
| 215 | @a150页@d19cm | |
| 606 | @aδ函数@x应用-电工学 | |
| 606 | @a电工学-δ函数@x应用 | |
| 606 | @a卷积@x应用-电工学 | |
| 606 | 0 | @a电路理论 |
| 690 | @aTM11@v3 | |
| 690 | @aTM13@v3 | |
| 701 | 0 | @a戴旦前@Adai dan qian@4编 |
| 701 | 0 | @a陈崇源@Achen chong yuan@4编 |
| 801 | 0 | @aCN@b深圳图书馆@c20040521 |
| 801 | 2 | @aCN@bNLC@c20040521 |
| 905 | @dTM13@e120@f1@b203469 | |
| δ函数和卷积及在电工中的应用/戴旦前, 陈崇源编.-北京:高等教育出版社,1986 |
| 150页;19cm |
| ISBN :CNY1.05 |
| ● |
| 相关链接 |
|
|
|
|
正题名:δ函数和卷积及在电工中的应用
索取号:TM13/120
 
预约/预借
| 序号 | 登录号 | 条形码 | 馆藏地/架位号 | 状态 | 备注 |
| 1 | 0203469 | 001941028 | 第三借阅区/ [索取号:TM13/120] | 在馆 | |
| 2 | 0203470 | 001343781 | 第三借阅区/ [索取号:TM13/120] | 在馆 | |
| 3 | 0203471 | 001343825 | 第二样本阅览室/ [索取号:TM13/120] | 在馆 |